Statistiques concernant Tous les pays par superficie - 4 par 4

Cliquez ici pour prendre le quiz!

Statistiques générales

  • Ce quiz a été pris 61 423 fois
  • Le résultat moyen est 19 sur 49

Réponses sur la Carte

Les réponses sont colorées sur une échelle allant du rouge au vert en fonction du pourcentage des utilisateurs qui les ont devinées à leur premier essai. Vous pouvez retrouver ces pourcentages ci-dessous.
 

Statistiques - réponses

#pays% Correct
1-4Russie | Canada | Chine | Etats-Unis
100%
5-8Brésil | Australie | Inde | Argentine
99%
9-12
Kazakhstan | Algérie | Rép dém Congo |
Arabie Saoudite
95%
13-16Mexique | Indonésie | Soudan | Libye
92%
17-20Iran | Mongolie | Pérou | Tchad
89%
21-24Niger | Angola | Mali | Afrique du Sud
87%
25-28Colombie | Éthiopie | Bolivie | Mauritanie
80%
29-32Égypte | Tanzanie | Nigeria | Venezuela
79%
33-36Pakistan | Namibie | Mozambique | Turquie
78%
41-44
France | Somalie |
République Centrafricaine | Soudan du Sud
73%
37-40Chili | Zambie | Myanmar | Afghanistan
71%
45-48Ukraine | Madagascar | Botswana | Kenya
70%
49-52Yémen | Thailande | Espagne | Turkménistan
67%
53-56
Cameroun | Papouasie-Nouvelle-Guinée |
Suède | Ouzbékistan
64%
61-64
Japon | Allemagne | Philippines | Congo
62%
57-60Maroc | Irak | Paraguay | Zimbabwe
62%
65-68Finlande | Viêt Nam | Malaisie | Norvège
60%
69-72Côte d'Ivoire | Pologne | Oman | Italie
59%
73-76Équateur | Burkina Faso | Nouvelle-Zélande | Gabon
49%
77-80Guinée | Royaume-Uni | Ouganda | Ghana
43%
81-84Roumanie | Laos | Guyana | Biélorussie
43%
85-88Kirghizistan | Sénégal | Syrie | Cambodge
38%
89-92Uruguay | Suriname | Tunisie | Bangladesh
34%
93-96Népal | Tadjikistan | Grèce | Nicaragua
31%
97-100Corée du Nord | Malawi | Érythrée | Bénin
25%
105-108Guatemala | Islande | Corée du Sud | Hongrie
23%
101-104Honduras | Liberia | Bulgarie | Cuba
23%
109-112Portugal | Jordanie | Serbie | Azerbaïdjan
20%
113-116
Autriche | Émirats arabes unis |
Tchequie | Panama
19%
117-120Sierra Leone | Irlande | Géorgie | Sri Lanka
17%
121-124Lituanie | Lettonie | Togo | Croatie
16%
125-128
Bosnie-Herzégovine | Costa Rica |
Slovaquie | République dominicaine
14%
129-132Estonie | Danemark | Pays-Bas | Suisse
14%
193-196Tuvalu | Nauru | Monaco | Vatican
14%
137-140Belgique | Lesotho | Arménie | Salomon
11%
133-136Bhoutan | Taïwan | Guinée-Bissau | Moldavie
11%
141-144Albanie | Guinée équatoriale | Burundi | Haïti
10%
189-192
Saint-Christophe-et-Niévès | Îles Marshall |
Liechtenstein | Saint-Marin
9%
145-148Rwanda | Macédoine du Nord | Djibouti | Belize
9%
149-152Salvador | Israël | Slovénie | Fidji
9%
153-156Koweït | Eswatini | Timor-Leste | Bahamas
7%
157-160Monténégro | Vanuatu | Qatar | Gambie
7%
177-180Singapour | Micronésie | Sainte-Lucie | Andorre
7%
165-168
Brunei | Trinité-et-Tobago |
Cabo Verde | Samoa
6%
169-172
Luxembourg | Île Maurice | Comores |
São Tomé-et-Principe
6%
161-164Jamaïque | Kosovo | Liban | Chypre
6%
185-188
Saint-Vincent-et-les-Grenadines | Grenade |
Malte | Maldives
5%
173-176Kiribati | Bahreïn | Dominique | Tonga
5%
181-184Palaos | Seychelles | Antigua-et-Barbuda | Barbade
4%

Distribution des résultats

Percentile par nombre de réponses

% des personnes avec chaque résultat

Votre développement - résultats

Vous n’avez pas pris ce quiz